| 000 | 00462nam a2200169Ia 4500 | ||
|---|---|---|---|
| 001 | 17111 | ||
| 005 | 20260306170401.0 | ||
| 008 | 260306t9999||||xx |||||||||||||| ||und|| | ||
| 041 | _aESP | ||
| 082 |
_a657.458 _bM84 |
||
| 100 |
_aMontoya Williams, Héctor _eAUT |
||
| 245 | 0 | _aLa contabilidad como base del control interno en las instituciones financieras | |
| 300 |
_a233 páginas : _c21 cm. |
||
| 650 | _aGEN | ||
| 654 | _aCCO | ||
| 942 |
_cLIB _dJUS _fJUS _2ddc _n |
||
| 999 |
_c17111 _d17111 |
||